| 000 | 00351nam a2200157Ia 4500 | ||
|---|---|---|---|
| 100 | _aHaykin/Simon | ||
| 650 | _aCommunications | ||
| 942 | _cBK | ||
| 366 | _f20 | ||
| 654 | _aanalog | ||
| 245 | _aAn Introduction to Analog and Digital Communications | ||
| 260 |
_bWiley _c1994 |
||
| 082 |
_a621.382/HAY _bHAY |
||
| 300 | _a652 | ||
| 546 | _aENGLISH | ||
| 999 |
_c31157 _d31157 |
||